MARC

LEADER 00000nam0a2200000 4500
001 362374
005 20231102011501.0
035 |a (RuTPU)RU\TPU\retro\19720 
090 |a 362374 
100 |a 20210723d1980 km y0rusy50 ca 
101 0 |a rus 
102 |a RU 
105 |a ab z 001zy 
200 1 |a Тектоника континентальных окраин Северо-Запада Тихого океана  |f Академия наук СССР, Геологический институт ; Академия наук СССР, Дальневосточное отделение, Северо-Восточный комплексный научно-исследовательский институт 
210 |a Москва  |c Наука  |d 1980 
215 |a 286 с.  |c ил. 
320 |a Библиогр.: с. 262-281 
606 1 |a Тектоника  |2 stltpush  |3 (RuTPU)RU\TPU\subj\58770  |9 76521 
610 1 |a континентальные окраины 
610 1 |a Тихий океан 
610 1 |a Алданский щит 
610 1 |a палеозойские складчатые системы 
610 1 |a дорифейские образования 
610 1 |a поздний мел 
610 1 |a континентальная кора 
610 1 |a Камчатка 
610 1 |a Сахалин 
610 1 |a Курилы 
675 |a 551.24  |v 4 
712 0 2 |a Академия наук СССР  |b Геологический институт  |c (Москва)  |2 stltpush  |3 (RuTPU)RU\TPU\col\11354  |9 25059 
712 0 2 |a Академия наук СССР  |b Дальневосточное отделение  |b Северо-Восточный комплексный научно-исследовательский институт  |c (Магадан)  |2 stltpush  |3 (RuTPU)RU\TPU\col\12547  |9 25450 
801 1 |a RU  |b 63413507  |c 20210723 
942 |c BK